000 00546nam a2200181Ia 4500
005 20250508154259.0
008 008 250505s9999 xx 000 0 eng d
037 _aTextual
040 _aFEDL
_beng
_cFEDL
041 _aeng
_2eng
084 _a420.7, FIN
_qFEDL
100 _aFinocchiaro Mary
245 0 _aTeaching English as a second language: In elementary and secondary schools
260 _aNew York, USA
_bHarper and Row Publisher
_c1958
300 _axi,335p
942 _cTEXL
_h420.7, FIN
999 _c1349336
_d1349336